Arab Accounts of India (Record no. 8439)

MARC details
000 -LEADER
fixed length control field 00613nam a2200241 a 4500
020 ## - INTERNATIONAL STANDARD BOOK NUMBER
ISBN
082 00 - DEWEY DECIMAL CLASSIFICATION NUMBER
Classification number 915.404
Author Cutter ZAK
100 ## - MAIN ENTRY--AUTHOR NAME
Author name Zaki, Muhammad
245 ## - TITLE STATEMENT
Title Arab Accounts of India
Sub title During the 14th Centrury
260 ## - PUBLICATION, DISTRIBUTION, ETC. (IMPRINT)
Place of publication Delhi
Name of publisher Idarah-I Adabiyat-I Delli
Year of publication 1981
300 ## - PHYSICAL DESCRIPTION
Number of Pages 137p
500 ## - GENERAL NOTE
General note includes index and biblioraphy
505 2# - FORMATTED CONTENTS NOTE
Formatted contents note Index
650 ## - SUBJECT ADDED ENTRY--TOPICAL TERM
Topical Term India-Description and Travel
942 ## - ADDED ENTRY ELEMENTS (KOHA)
Koha item type Books
700 1# -
-- Zaki, Muhammad
Holdings
Home library Current library Date acquired Cost, normal purchase price Full call number Accession Number Koha item type
Henry Martyn Institute Library Henry Martyn Institute Library 09/22/2008 65.00 915.404 ZAK 012341 E-Books
                   Copyright © 2026 | Henry Martyn Institute | Hyderabad | TS-500052 | INDIA | Implemented by hmi.edu.in
Hit-Count:

Powered by Koha